Signs of success. (Record no. 61031)

MARC details
000 -LEADER
fixed length control field 00680cam a2200217 4500
001 - CONTROL NUMBER
control field ABS61297
008 - FIXED-LENGTH DATA ELEMENTS--GENERAL INFORMATION
fixed length control field 000000n1999 000 0 eng u
035 ## - SYSTEM CONTROL NUMBER
System control number (Sirsi) u101933
100 ## - MAIN ENTRY--PERSONAL NAME
Personal name Shirley, G.
245 ## - TITLE STATEMENT
Title Signs of success.
260 ## - PUBLICATION, DISTRIBUTION, ETC.
Date of publication, distribution, etc. 1999
490 ## - SERIES STATEMENT
Series statement Surveyor
Volume/sequential designation 9 September 1999, 16-17(2)
520 ## - SUMMARY, ETC.
Summary, etc. Discusses a project to reorganise Sheffield's road signs in an attempt to reduce traffic congestion and improve visitor access to shopping centres and tourist attractions.
650 ## - SUBJECT ADDED ENTRY--TOPICAL TERM
Topical term or geographic name entry element SHEFFIELD
650 ## - SUBJECT ADDED ENTRY--TOPICAL TERM
Topical term or geographic name entry element SIGNS
650 ## - SUBJECT ADDED ENTRY--TOPICAL TERM
Topical term or geographic name entry element TRAFFIC FLOW
650 ## - SUBJECT ADDED ENTRY--TOPICAL TERM
Topical term or geographic name entry element CONGESTION
650 ## - SUBJECT ADDED ENTRY--TOPICAL TERM
Topical term or geographic name entry element PEDESTRIANS
690 ## - LOCAL SUBJECT ADDED ENTRY--TOPICAL TERM (OCLC, RLIN)
Topical term or geographic name as entry element TRANSPORT AND COMMUNICATIONS
942 ## - ADDED ENTRY ELEMENTS (KOHA)
Suppress in OPAC 0
Holdings
Withdrawn status Lost status Source of classification or shelving scheme Damaged status Not for loan Home library Current library Shelving location Date acquired Total Checkouts Full call number Barcode Date last seen Copy number Price effective from Koha item type
    Dewey Decimal Classification     London London Journal article 12/11/1999   ABS61297 101933-1001 06/08/2019 1 06/08/2019 Journal article